Python for Marketing Research and Analytics (Record no. 43366)

MARC details
000 -LEADER
fixed length control field 00545nam a22001817a 4500
005 - DATE AND TIME OF LATEST TRANSACTION
control field 20250324154754.0
008 - FIXED-LENGTH DATA ELEMENTS--GENERAL INFORMATION
fixed length control field 250324b |||||||| |||| 00| 0 eng d
020 ## - INTERNATIONAL STANDARD BOOK NUMBER
International Standard Book Number 9783030497224
041 ## - LANGUAGE CODE
Language code of text/sound track or separate title Eng.
082 ## - DEWEY DECIMAL CLASSIFICATION NUMBER
Classification number 006.312 SCH
100 ## - MAIN ENTRY--PERSONAL NAME
Author Schwarz, Jason S.
245 ## - TITLE STATEMENT
Title Python for Marketing Research and Analytics
260 ## - PUBLICATION, DISTRIBUTION, ETC.
Place Switzerland
Publisher Springer Nature Switzerland AG
Publication Year 2020
300 ## - PHYSICAL DESCRIPTION
Extent 272;. P. 28 cm
650 ## - SUBJECT ADDED ENTRY--TOPICAL TERM
Subject Python; Data Mining; Marketing Research
700 ## - ADDED ENTRY--PERSONAL NAME
Co-Author Chapman, Chris and Feit, McDonnell Elea
942 ## - ADDED ENTRY ELEMENTS (KOHA)
Koha item type Books
Holdings
Withdrawn status Lost status Source of classification or shelving scheme Damaged status Not for loan Home library Current library Shelving location Accession Date Vendor Price Bill number Full call number Barcode No Date last seen Discount Bill Date Koha item type Suggested By
    Dewey Decimal Classification     IMTN IMTN Rack 3-B 03/18/2025 Raghav Books Private Limited 5591.07 2374 006.312 SCH 33657 03/24/2025 33 02/14/2025 Books Dr. R. K . Jena
Designed & Maintained by: LRC IMT Nagpur Contact: lrc@imtnag.ac.in© 2024. All Rights Reserved.